La formación del sistema europeo de control de constitucionalidad, 1918-1939: premio Congreso de los Diputados, 1985

Saved in:
Bibliographic Details
Main Author: Cruz Villalón, Pedro (Author)
Format: Book
Language:Spanish
Published: Madrid Centro de Estudios Constitucionales 1987
Edition:1a. ed
Series:Colección Estudios Constitucionales
Subjects:
Tags: Add Tag
No Tags, Be the first to tag this record!

MARC

LEADER 00000cam a2200000 a 4500
001 UCB0249
003 CL-VaPUC
005 20201112172451.0
008 191220e19870000sp spa d
020 |a 8425907675 
082 0 4 |a 342.4  |b CRU  |2 21 
100 1 |a Cruz Villalón, Pedro  |e author  |9 605572 
245 1 3 |a La formación del sistema europeo de control de constitucionalidad, 1918-1939: premio Congreso de los Diputados, 1985 
250 |a 1a. ed 
260 |a Madrid  |b Centro de Estudios Constitucionales  |c 1987 
300 |a 474 p 
490 0 |a Colección Estudios Constitucionales 
583 |a last modification  |c 20191220 13:26:00  |k Rodrigo Vera 
650 0 7 |a DERECHO CONSTITUCIONAL EUROPEO  |2 CL-VaPUC  |9 548427 
942 |c BK 
945 |a dcastane  |d 20191220 13:26:00 
999 |c 376394  |d 376392 
952 |0 0  |1 0  |3 erb  |4 0  |6 342_400000000000000_CRU_1987  |7 0  |8 ?  |9 495786  |a BIBDER  |b BIBDER  |e Precht Pizarro, Jorge Enrique  |i 5609747  |o 342.4 CRU 1987  |p 5609747  |r 2023-01-25  |w 2020-01-06  |y BK  |z Catalogado en:20191220  |k DER